ბათუმის შოთა რუსთაველის სახელმწიფო უნივერსიტეტის ბიბლიოთეკა

Теория чисел (ბიბ.ჩანაწერი № 38841)

000 -LEADER
fixed length control field 00530nam a2200217Ia 4500
001 - CONTROL NUMBER
control field 5250
003 - CONTROL NUMBER IDENTIFIER
control field GE_BSU
008 - FIXED-LENGTH DATA ELEMENTS--GENERAL INFORMATION
fixed length control field 181216s||||||||xx |||||||||||||| ||und||
040 ## - CATALOGING SOURCE
Transcribing agency GE_BSU
080 ## - UNIVERSAL DECIMAL CLASSIFICATION NUMBER
Universal Decimal Classification number 511(075.8)
100 ## - MAIN ENTRY--PERSONAL NAME
Personal name Бухштаб, А. А.
245 ## - TITLE STATEMENT
Title Теория чисел
245 ## - TITLE STATEMENT
Statement of responsibility, etc. Ред.Э.К.Викулина
250 ## - EDITION STATEMENT
Edition statement 2-е изд.
260 ## - PUBLICATION, DISTRIBUTION, ETC.
Place of publication, distribution, etc. Москва
260 ## - PUBLICATION, DISTRIBUTION, ETC.
Name of publisher, distributor, etc. Просвещение
260 ## - PUBLICATION, DISTRIBUTION, ETC.
Date of publication, distribution, etc. 1966
300 ## - PHYSICAL DESCRIPTION
Extent 383 с. 22 см.
653 ## - INDEX TERM--UNCONTROLLED
Uncontrolled term Теория чисел
942 ## - ADDED ENTRY ELEMENTS (KOHA)
Koha item type წიგნი
ეგზემპლარები
Withdrawn status Lost status Damaged status Not for loan Date acquired Barcode Date last seen Price effective from Koha item type
        2018-12-17 16266 2018-12-17 2018-12-17 წიგნი
        2018-12-17 16976 2018-12-17 2018-12-17 წიგნი